000 01108cab a2200277 4500
001 ABS56239
008 090401t1996 xxu||||| |||| 00| 0 eng d
035 _a(Sirsi) u22160
041 _aeng
245 _aFocus `96: Leisure
260 _c1996
350 _a0
490 _aEstates Gazette
_v(9648) 30 November 1996, 115-145(12)
520 _aReviews current leisure market trends. Conflicting opinions on client use of multi-facility leisure parks; the investment appeal of an increasingly segmented health and fitness sector; the changing nature of fast food retailing; valuation techniques for pubs; the development of incorporated leisure and retail schemes; development opportunities as football comes back into fashion.
650 _aFAST FOOD RESTAURANTS
650 _aFOOTBALL STADIA
650 _aHEALTH CENTRES
650 _aLEISURE MARKET
650 _aLEISURE PARKS
650 _aPUBS
650 _aPROPERTY-COMMERCIAL PROPERTY-RETAIL PROPERTY-RETAIL PROPERTY MARKET
650 _aVALUATION METHODS
690 _aLEISURE AND RECREATION
942 _n0
948 _c04/03/1997
999 _c14840
_d14840